Inscription of Shimoga district, Part 1 / (Record no. 53394)

MARC details
000 -LEADER
fixed length control field 00531nam a2200205Ia 4500
005 - DATE AND TIME OF LATEST TRANSACTION
control field 20260429112313.0
008 - FIXED-LENGTH DATA ELEMENTS--GENERAL INFORMATION
fixed length control field 260429s9999||||xx |||||||||||||| ||und||
020 ## - INTERNATIONAL STANDARD BOOK NUMBER
International Standard Book Number 9789355276025
041 ## - LANGUAGE CODE
Language English
082 ## - DEWEY DECIMAL CLASSIFICATION NUMBER
Classification number 954.87
Item number RIC
100 ## - MAIN ENTRY--PERSONAL NAME
Personal name Rice, B. Lewis
245 #0 - TITLE STATEMENT
Title Inscription of Shimoga district, Part 1 /
Statement of responsibility, etc B. Lewis Rice
250 ## - EDITION STATEMENT
Edition statement 1st ed.
260 ## - PUBLICATION, DISTRIBUTION, ETC. (IMPRINT)
Place of publication, distribution, etc Chennai :
Name of publisher, distributor, etc Maven Books,
Date of publication, distribution, etc 2023.
300 ## - PHYSICAL DESCRIPTION
Extent hb
650 ## - SUBJECT ADDED ENTRY--TOPICAL TERM
Topical term or geographic name as entry element Epigraphy
650 ## - SUBJECT ADDED ENTRY--TOPICAL TERM
Topical term or geographic name as entry element Karnataka-History
650 ## - SUBJECT ADDED ENTRY--TOPICAL TERM
Topical term or geographic name as entry element Inscriptions-India
942 ## - ADDED ENTRY ELEMENTS (KOHA)
Koha item type Text Books
Holdings
Withdrawn status Lost status Damaged status Not for loan Collection code Home library Location Shelving location Date of Cataloging Source of acquisition Total Checkouts Full call number Barcode Date last seen Price effective from Koha item type
        Non-fiction CUTN Central Library CUTN Central Library History & Geography 29/04/2026 Tamilnadu Book House, Chennai - Invoice No. IN/73 on 17-02-2026   954.87 RIC 57951 29/04/2026 29/04/2026 Text Books
        Non-fiction CUTN Central Library CUTN Central Library History & Geography 29/04/2026 Tamilnadu Book House, Chennai - Invoice No. IN/73 on 17-02-2026   954.87 RIC 57952 29/04/2026 29/04/2026 Text Books